[Event "QA-ANNIV-01"]
[Site "http://www.queenalice.com/game.php?id=150503"]
[Date "2007.1.5"]
[Round "7"]
[White "Marcelo"]
[Black "arliones"]
[Result "1-0"]
[WhiteElo "1763"]
[BlackElo "1524"]

1. d4 d5 2. Bf4 Bf5 3. Nc3 Nc6 4. Nb5 Nb4 5. Nxc7+ Kd7 6. Rc1 Nxa2 7. Ra1 Nb4 8.
e4 Bxe4 9. Bd3 Bxg2 10. Nxa8 Qxa8 11. Qg4+ e6 12. Qxg2 a6 13. Nf3 Nf6 14. Ne5+
Ke7 15. c3 Nxd3+ 16. Nxd3 Ne4 17. O-O g6 18. f3 Nd6 19. Qg3 f6 20. Bxd6+ Kd7 21.
Nc5+ Kc6 22. Bxf8 Rxf8 23. Nxe6 Re8 24. Qc7+ Kb5 25. Qc5# 1-0

[Event "AUTO-OPEN-267"]
[Site "http://www.queenalice.com/game.php?id=151640"]
[Date "2007.1.8"]
[Round "3"]
[White "Marcelo"]
[Black "Mengo"]
[Result "1-0"]
[WhiteElo "1604"]
[BlackElo "1442"]

1. d4 d5 2. Nf3 Nf6 3. Bg5 Nbd7 4. e3 e6 5. a3 Be7 6. Bb5 O-O 7. O-O Ne4 8. Bxe7
Qxe7 9. Bxd7 Bxd7 10. Nbd2 Nxd2 11. Qxd2 Qf6 12. Ne5 Bb5 13. Rfc1 Qf5 14. c4
dxc4 15. Nxc4 Rfd8 16. Qb4 c6 17. Nd6 Qd3 18. Nxb7 Rd7 19. Nc5 Rd5 20. Nxd3 Bxd3
21. Rxc6 Bb5 22. Rc7 h6 23. Rac1 a6 24. a4 Bd3 25. Qb7 Rf8 26. b4 Rdd8 27. Re7
Bg6 28. Qxa6 Rfe8 29. Rxe8+ Rxe8 30. Qd6 Ra8 31. a5 Bd3 32. Qb6 1-0

[Event "AUTO-OPEN-267"]
[Site "http://www.queenalice.com/game.php?id=151641"]
[Date "2007.1.8"]
[Round "3"]
[White "Mengo"]
[Black "Marcelo"]
[Result "0-1"]
[WhiteElo "1432"]
[BlackElo "1614"]

1. b4 e5 2. d4 Bxb4+ 3. Bd2 Bxd2+ 4. Qxd2 Nc6 5. e3 Nf6 6. Bd3 O-O 7. Ne2 d6 8.
O-O Bg4 9. h3 Bh5 10. Ng3 Bg6 11. Bxg6 fxg6 12. Nc3 Qd7 13. Rab1 b6 14. Nge4
Nxe4 15. Nxe4 a5 16. c3 Rf5 17. Rb5 Nxd4 18. Rd5 Ne6 19. Ng3 Rff8 20. Rb1 Nc5
21. Qd1 Rf6 22. Qc2 Raf8 23. a4 Nxa4 24. Qa2 Nxc3 25. Qb3 Nxb1 26. Qxb1 Rxf2 27.
Qe4 c6 28. Rd1 b5 29. Qd3 d5 30. Qc3 b4 31. Qc5 Qc7 0-1

[Event "Challenge"]
[Site "http://www.queenalice.com/game.php?id=169504"]
[Date "2007.2.16"]
[Round "-"]
[White "Joe_Boyd"]
[Black "Marcelo"]
[Result "1-0"]
[WhiteElo "1779"]
[BlackElo "1828"]

1. e4 e5 2. Nf3 d6 3. Bc4 Be7 4. d3 h6 5. O-O Nf6 6. Nc3 O-O 7. Be3 Ng4 8. Qd2
Bh4 9. h3 Nxe3 10. fxe3 Qf6 11. Nxh4 Qxh4 12. Rf2 Qg5 13. Rf3 Nd7 14. Qf2 Nf6
15. Rg3 Qh5 16. Qxf6 g6 17. Nd5 g5 18. Ne7+ Kh7 19. Rf1 Be6 20. Nd5 Rg8 21. Nxc7
Rac8 22. Nxe6 fxe6 23. Bxe6 Rg6 24. Qf7+ Kh8 25. Bf5 Rcg8 26. Bxg6 Qxg6 27. Qxb7
Rg7 28. Rf8+ Kh7 29. Qa8 Rg8 30. Qxa7+ Kh8 31. Rgf3 h5 32. Rxg8+ Qxg8 33. Rf7 h4
34. Qe7 g4 35. Rf8 Qxf8 36. Qxf8+ Kh7 37. hxg4 Kg6 38. Qf5+ Kg7 39. g5 1-0

[Event "Challenge"]
[Site "http://www.queenalice.com/game.php?id=169505"]
[Date "2007.2.16"]
[Round "-"]
[White "Marcelo"]
[Black "Joe_Boyd"]
[Result "1-0"]
[WhiteElo "1769"]
[BlackElo "1669"]

1. d4 Nf6 2. Bf4 e6 3. a3 c5 4. Nc3 cxd4 5. Qxd4 Nc6 6. Qd1 a6 7. e3 Be7 8. Nf3
O-O 9. Bc4 b5 10. Bb3 Bb7 11. O-O Bc5 12. Bd6 Bxd6 13. Qxd6 Ne4 14. Nxe4 1-0

[Event "AUTO-ADV-409"]
[Site "http://www.queenalice.com/game.php?id=169580"]
[Date "2007.2.16"]
[Round "1"]
[White "Katarrov"]
[Black "Marcelo"]
[Result "1-0"]
[WhiteElo "1873"]
[BlackElo "1640"]

1. e4 e5 2. Nf3 Nc6 3. Bb5 Nge7 4. O-O a6 5. Ba4 d6 6. h3 Be6 7. c3 b5 8. Bc2
Ng6 9. d4 Bd7 10. d5 Na5 11. Bd3 Be7 12. b4 Nc4 13. Bxc4 bxc4 14. Na3 Bb5 15.
Qe2 1-0

[Event "AUTO-ADV-409"]
[Site "http://www.queenalice.com/game.php?id=169581"]
[Date "2007.2.16"]
[Round "1"]
[White "Marcelo"]
[Black "Katarrov"]
[Result "0-1"]
[WhiteElo "1647"]
[BlackElo "1866"]

1. d4 d5 2. Bf4 Nf6 3. h3 e6 4. a3 Bd6 5. Bxd6 Qxd6 6. Nc3 a6 7. e3 O-O 8. Bd3
b5 9. b4 Bb7 10. Nf3 Ne4 11. Qd2 Nxd2 12. Nxd2 e5 13. dxe5 Qxe5 14. Ndb1 d4 0-1

[Event "AUTO-ADV-409"]
[Site "http://www.queenalice.com/game.php?id=169594"]
[Date "2007.2.16"]
[Round "1"]
[White "Marcelo"]
[Black "Toru"]
[Result "1/2-1/2"]
[WhiteElo "1781"]
[BlackElo "1829"]

1. d4 Nf6 2. h3 g6 3. Bf4 Bg7 4. Nc3 O-O 5. Nb5 d6 6. e3 Nbd7 7. Bc4 a6 8. Nc3
b5 9. Bb3 Bb7 10. Nf3 c5 11. a3 c4 12. Ba2 Nd5 13. Nxd5 Bxd5 14. c3 Be4 15. Bb1
Bxb1 16. Rxb1 d5 17. O-O f5 18. Ng5 Qb6 19. Qf3 e6 20. Qg3 h6 21. Nf3 Kh7 22.
Be5 Bxe5 23. Nxe5 Nxe5 24. Qxe5 Rae8 25. Qg3 Qb8 26. f4 Qd8 27. Qf3 g5 28. g3
Rg8 29. Qh5 Qf6 30. b4 gxf4 31. exf4 Rxg3+ 32. Kf2 Reg8 33. Rg1 Rxg1 34. Rxg1
Rxg1 35. Kxg1 Qg6+ 36. Qxg6+ Kxg6 37. Kg2 h5 38. Kg3 Kh6 39. Kh4 Kg6 40. Kg3
1/2-1/2

[Event "AUTO-ADV-409"]
[Site "http://www.queenalice.com/game.php?id=169595"]
[Date "2007.2.16"]
[Round "1"]
[White "Toru"]
[Black "Marcelo"]
[Result "1-0"]
[WhiteElo "1863"]
[BlackElo "1796"]

1. d4 d5 2. c4 Nf6 3. cxd5 Nxd5 4. e4 Nb4 5. a3 N4c6 6. Nf3 e6 7. Nc3 Bd6 8. Bb5
a6 9. Ba4 b5 10. Bc2 O-O 11. b4 h6 12. Qd3 f5 13. d5 Ne5 14. Nxe5 Bxe5 15. exf5
Bxc3+ 16. Qxc3 exf5 17. O-O Qd6 18. Bb2 Qg6 19. f4 Nd7 20. Qxc7 Nb6 21. Bb3 Kh8
22. d6 Nc4 23. Bxc4 bxc4 24. d7 Bxd7 25. Qxd7 Rad8 26. Qa7 Rd2 27. Rf2 Rxf2 28.
Qxf2 Rd8 29. Bd4 Qe6 30. Rd1 Kh7 31. Re1 Qd6 32. Be5 Qd3 33. Qe3 Qc2 34. Bxg7
Rd2 35. Qg3 Rd3 36. Qh4 Rd6 37. Bf8 Rg6 38. Qf2 Qb3 39. Bxh6 Qh3 40. Bg5 Qg4 41.
Re7+ Rg7 42. Rxg7+ Kxg7 43. Qd4+ Kh7 44. Qd7+ Kg8 45. Qe6+ Kf8 46. Bh6+ Qg7 47.
Qf6+ Ke8 48. Qxg7 Kd8 49. Bg5+ Kc8 50. Bf6 Kb8 51. h4 Kc8 52. h5 Kb8 53. h6 Kc8
54. h7 1-0

[Event "AUTO-ADV-409"]
[Site "http://www.queenalice.com/game.php?id=169596"]
[Date "2007.2.16"]
[Round "1"]
[White "Marcelo"]
[Black "kcarlin"]
[Result "0-1"]
[WhiteElo "1756"]
[BlackElo "1874"]

1. d4 Nf6 2. h3 e6 3. a3 b6 4. Bf4 Ba6 5. Nd2 Nc6 6. e3 Bxf1 7. Nxf1 Be7 8. Ng3
O-O 9. Nf3 Nd5 10. c3 Nxf4 11. exf4 Bd6 12. Ne5 Ne7 13. O-O f6 14. Nc4 Bxf4 15.
Qf3 Ng6 16. Nh5 Bh6 17. Rae1 b5 18. Ne3 f5 19. Ng3 f4 20. Ng4 fxg3 21. Qxg3 Bf4
22. Qd3 c6 23. Ne5 Nxe5 24. dxe5 Qe7 25. g3 Bh6 26. Rd1 Rad8 27. b4 g6 28. f4 g5
29. f5 exf5 30. Rxf5 Rxf5 31. Qxf5 Rf8 32. Rxd7 Rxf5 33. Rxe7 Rf7 34. Re6 Bg7
35. Rxc6 Bxe5 36. g4 Rc7 37. Re6 Bxc3 38. Ra6 Bd4+ 39. Kg2 Bb6 40. a4 bxa4 41.
Rxa4 Rc4 42. Kg3 Rc3+ 43. Kg2 Kf7 0-1

[Event "AUTO-ADV-409"]
[Site "http://www.queenalice.com/game.php?id=169597"]
[Date "2007.2.16"]
[Round "1"]
[White "kcarlin"]
[Black "Marcelo"]
[Result "1-0"]
[WhiteElo "1885"]
[BlackElo "1745"]

1. c4 d5 2. cxd5 Qxd5 3. Nc3 Qd8 4. d4 e5 5. e3 exd4 6. exd4 Nf6 7. Nf3 Nbd7 8.
Be2 Bd6 9. O-O O-O 10. Bg5 h6 11. Bh4 c5 12. d5 Be5 13. Nxe5 Nxe5 14. h3 Ng6 15.
Bg3 b6 16. Bf3 Bb7 17. Re1 Re8 18. Rxe8+ Nxe8 19. Qe2 Nd6 20. Rd1 Qf6 21. Bxd6
Qxd6 22. Nb5 Qd7 23. Bg4 Qd8 24. d6 Bc6 25. Nc3 Bd7 26. Bxd7 Qxd7 27. Qf3 Re8
28. Qg4 Re6 29. Ne4 Ne5 30. Qg3 Nc4 31. b3 Ne5 32. f4 Nc6 33. Nc3 Rxd6 34. Rxd6
Qxd6 35. Qe3 Nd4 36. Qe8+ Kh7 37. Qe4+ g6 38. g3 f5 39. Qd3 Qc6 40. Qc4 h5 41.
Qf7+ Kh6 42. Qf8+ 1-0

[Event "Challenge"]
[Site "http://www.queenalice.com/game.php?id=170079"]
[Date "2007.2.17"]
[Round "-"]
[White "Marcelo"]
[Black "Dalri_Ultreya"]
[Result "0-1"]
[WhiteElo "1633"]
[BlackElo "1671"]

1. d4 d5 2. Bf4 e6 3. a3 Nc6 4. Nc3 h6 5. Nb5 a6 6. Nxc7+ Ke7 7. Nxa8 g5 8. Bg3
Bd7 9. Nc7 Bg7 10. e3 Nf6 11. h3 Ne4 12. Bh2 f6 13. Bd3 e5 14. Nxd5+ Kf7 15.
Bxe4 exd4 16. exd4 f5 17. Bf3 Bxd4 18. c3 Re8+ 19. Ne2 Bc5 20. O-O Ne5 21. Bh5+
Ng6 22. Nd4 Bc8 23. Ne3 f4 24. Ng4 Re4 0-1

[Event "AUTO-ADV-429"]
[Site "http://www.queenalice.com/game.php?id=178103"]
[Date "2007.3.7"]
[Round "1"]
[White "Marcelo"]
[Black "lonely"]
[Result "0-1"]
[WhiteElo "1619"]
[BlackElo "1692"]

1. d4 d5 2. Bf4 e6 3. a3 Bd7 4. Nc3 Nf6 5. h3 c5 6. e3 Nc6 7. Nb5 Rc8 8. Bd3
cxd4 9. Nxd4 Be7 10. Nge2 a6 0-1

[Event "AUTO-ADV-429"]
[Site "http://www.queenalice.com/game.php?id=178116"]
[Date "2007.3.7"]
[Round "1"]
[White "Marcelo"]
[Black "Herivelto"]
[Result "0-1"]
[WhiteElo "1623"]
[BlackElo "1852"]

1. d4 c5 2. Nc3 cxd4 3. Qxd4 Nc6 4. Qf4 Nf6 5. e3 g6 6. Bd2 Bg7 7. Nb5 d6 8. Nf3
O-O 9. Bd3 Nd5 10. Qh4 Bxb2 11. Rb1 Bg7 12. O-O a6 13. Na3 Ne5 0-1

[Event "AUTO-ADV-429"]
[Site "http://www.queenalice.com/game.php?id=178117"]
[Date "2007.3.7"]
[Round "1"]
[White "Herivelto"]
[Black "Marcelo"]
[Result "1-0"]
[WhiteElo "1867"]
[BlackElo "1654"]

1. Nf3 d5 2. c4 Nf6 3. cxd5 Nxd5 4. Nc3 Nxc3 5. bxc3 e6 6. g3 Bc5 7. Bg2 O-O 8.
Bb2 b6 9. Ne5 c6 10. Nxc6 Nxc6 11. Bxc6 Rb8 12. O-O Bb7 13. Bxb7 1-0

[Event "AUTO-ADV-429"]
[Site "http://www.queenalice.com/game.php?id=178118"]
[Date "2007.3.7"]
[Round "1"]
[White "Marcelo"]
[Black "rxk"]
[Result "0-1"]
[WhiteElo "1698"]
[BlackElo "1680"]

1. d4 d5 2. Bf4 e6 3. a3 Nc6 4. Nc3 a6 5. e3 Nf6 6. h3 Be7 7. Bd3 O-O 8. Nf3 Re8
9. O-O b5 10. b4 Bd6 11. Ne2 Nh5 12. Bxd6 cxd6 13. Nc3 f5 14. Nh2 Nf6 15. Qf3
Ne7 16. Be2 Ng6 0-1

[Event "AUTO-ADV-429"]
[Site "http://www.queenalice.com/game.php?id=178119"]
[Date "2007.3.7"]
[Round "1"]
[White "rxk"]
[Black "Marcelo"]
[Result "1-0"]
[WhiteElo "1697"]
[BlackElo "1681"]

1. d4 d5 2. c4 e6 3. Nf3 Bb4+ 4. Nc3 Nf6 5. a3 Bxc3+ 6. bxc3 O-O 7. Bg5 h6 8.
Bxf6 Qxf6 9. e3 c6 10. Bd3 Nd7 11. O-O b6 12. Qc2 Ba6 13. a4 Bxc4 14. Bxc4 dxc4
15. e4 a6 16. e5 1-0

[Event "sampa"]
[Site "http://www.queenalice.com/game.php?id=184678"]
[Date "2007.3.19"]
[Round "-"]
[White "val_si"]
[Black "Marcelo"]
[Result "1-0"]
[WhiteElo "1761"]
[BlackElo "1810"]

1. e4 e5 2. Nf3 Nc6 3. Bb5 Nge7 4. h3 a6 5. Bxc6 Nxc6 6. c3 Bc5 7. d4 exd4 8.
cxd4 Bb4+ 9. Bd2 Bxd2+ 10. Nbxd2 O-O 11. d5 1-0